000 00646nam a22002177a 4500
001 88316
003 UA-OsUOA
005 20220501164538.0
007 ta
008 20121003b un ||||| |||| 00| 0 ukr d
040 _aUA-OsUOA
_brus
_cUA-OsUOA
_dUA-OsUOA
041 _arus
080 _a82.09(470+571)
090 _a82.09(470+571)
_bР89
245 _aРусский романтизм
_cпод ред. Гуляева Н. А.
260 _aМ.
_bВысшая школа
_c1974
300 _a359 с.
650 7 _a82.09 Літературна критика. Літературні дослідження
_2UDC
942 _cBK
_2udc
955 _a2
999 _c374367
_d374367